Quizzes
Events
Quiz Creation
Community
Videos
Private Events
Remove Ads
Sign In
Join for FREE
Feedback
Dark Mode
Quiz Categories
Sports
Geography
Music
Movies
Television
Just For Fun
Miscellaneous
History
Literature
Language
Science
Gaming
Entertainment
Religion
Holiday
For Kids
Quiz Lab
Recent
Popular Today
Quiz Kudos Today
Editor Picks
Curator Picks
Quizzes by...
Day
Popularity
Type
Ratings
Length
Year
Community
Subscriptions
Recent Discussions
Orange Saloon
Badges
Playlists
Quests
Create
Leaderboards
Showdown
Live 5
Trivia Bingo
Activity
Puzzle Library
Sporcle Events
Private Events
Virtual Trivia
Globe League
Become a Host
Pub Owners
SporcleCon
Opinionation
Our Games
Videos
Blog
Mobile Apps
Partnerships
Remove Ads and Go Orange
Feedback
Music
Pop Music
The Beatles
Song
Album
Lyrics
Bands
Singers
Artist
Clip
Rock
Rap
Classical
Billboard
Country Music
Kpop
Taylor Swift
Music
Pop Music
The Beatles
Song
Album
Lyrics
Bands
Singers
Artist
Clip
Rock
Rap
Classical
Billboard
Country Music
Kpop
Taylor Swift
Random Quiz
Search Sporcle
×
Quiz Lab
Quiz Lab
Music
Song
Type in answers that appear in a list
Type in answers that appear in a list
Classic
Best Score? Go Orange.
Wedding First Dance Songs Stats
Can you name the most requested first dance songs at weddings?
By
cchhrriiss
6m
28 Questions
235 Plays
235 Plays
235 Plays
Comments
Comments
Give Quiz Kudos
Give Quiz Kudos
-
- Ratings
hide this ad
Replay
Link that replays current quiz
Next Quiz
Link to next quiz in quiz playlist
You Got
0%
They Got
Avg Score
21%
Avg Friend Score
Upgrade to see
Score Distribution
Jump to the score distribution portion of the page
Score
0/28
Timer
06:00
0
Plays Today
Artists
Song title
% Correct
Etta James
At Last
52.8%
Louis Armstrong
What A Wonderful World
44.7%
Peabo Bryson & Regina Belle (or Aladdin and Jasmine)
A Whole New World
42.6%
The Righteous Brothers
Unchained Melody
42.6%
Diana Ross and Lionel Richie
Endless Love
40.9%
Nat King Cole
Unforgettable
37%
Bryan Adams
Everything I Do (I Do It For You)
34.5%
Journey
Faithfully
32.8%
Elvis
Can't Help Falling In Love
28.9%
Percy Sledge or Michael Bolton
When A Man Loves A Woman
27.7%
Frank Sinatra
The Way You Look Tonight
25.1%
All 4 One or John M. Montgomery
I Swear
24.7%
Shania Twain
From This Moment On
24.7%
Jackson 5 or Mariah Carey
I'll Be There
22.6%
Artists
Song title
% Correct
Allison Krauss
When You Say Nothing At All
16.2%
Celine Dion
Power of Love
15.3%
Harry Connick, Jr.
It Had To Be You
13.6%
Boyz II Men
On Bended Knee
13.6%
Linda Ronstadt & Aaron Neville
Don't Know Much
11.5%
Ann Murray
Could I Have This Dance?
10.2%
Luther Vandross
Here And Now
6.4%
John M. Montgomery
I Can Love you Like That
6.4%
Roberta Flack & Peabo Bryson
Tonight I Celebrate My Love
6%
George Strait
I Cross My Heart
5.5%
Sade
No Ordinary Love
5.1%
Linda Ronstadt & Aaron Neville
All My Life
5.1%
Michael Feinstein
As Time Goes By (A Kiss Is Just A Kiss)
1.7%
Harry Connick, Jr.
Our Love Is Here To Stay
0.9%
Quiz Playlist
Details
Report
Send in Message
Add To Playlist
Classic:
Type in answers that appear in a list
Quiz Source
Last Updated: Feb 16, 2017
Quiz Scoreboard
CHALLENGE
Sign Up to Join the Scoreboard
Show All
Scores
Hide
Comments
May contain spoilers
Recently Published
Movies - When Are They Set?
by FPL_Elf
Movies
5m
Popular People in 1961
by mucciniale
History
6m
1-10 Letter E Words III
by El_Dandy
Language
2m
More to Explore
Quiz From the Vault
Featured Blog Post
Where Did the Easter Bunny Come From?
hide this ad
You Might Also Like...
Tags
Artist Quiz
Song Quiz
dance
Requested
Wedding
Today's Top Quizzes in Music
Browse Music
hide this ad
Today's Top Quizzes in Song
Browse Song
Top Contributed Quizzes in Music
1
Taylor Swift All Songs (2024)
2
2010s Album by Cover III
3
One Thing in Common: Music
4
Guess the Artist- 70s Songs
5
Taylor Swift Logic Puzzle
6
Guess the Taylor Swift song (Mystery Song)
7
2010s Album by Cover IV
8
2010s Album by Cover V
9
KPOP LOGIC QUIZ
10
2010s Album by Cover VI
Explore More
Trending Topics
Harry Potter
NBA
Disney
Kpop
Anime
Marvel
Crossword
NFL
Pokémon
WWE
Puzzle
Song
Country
Soccer
The Office
hide this ad
More By:
cchhrriiss
Quiz
Plays
Rating
Category
Featured
Created
The Weapons of Goldeneye (images)
1,655
3.85
Gaming
Aug 10, 2010
Wedding First Dance Songs
235
4.00
Music
Aug 10, 2010
Dirty movies by picture
211
4.40
Movies
Oct 5, 2011
Only the good die at 27
197
3.00
Music
Jul 26, 2011
Medicare Reimbursement Mechanisms
89
5.00
Miscellaneous
Aug 9, 2010
Go to Creator's Profile
Score Distribution
Quiz Creator Spotlight
cchhrriiss
Follow
Send a Message
Quizzes Created
-
Created Quiz Play Count
-
More By This Creator
Popular Quizzes Today
1
Find the Countries of Europe - No Outlines Minefield
2
Find the US States - No Outlines Minefield
3
The Countries of the World
4
Popular People in 1961
5
1-10 Letter E Words III
6
US States
7
Find the US States
8
One Thing in Common: World Cities II
More Music Quizzes
Missing Lyrics: Paint It Black
Quiz Lab
Trending Quizzes
Risky Map Clicking: Least Populous States A-Z
Humor Books: The Subtitles
1-10 Letter F Words
1-10 Letter G Words
One Thing in Common: United Kingdom
Recently Updated
Leaping Animals
pecheneg
Reality TV Shows (A-Z)
bhenderson79
Rickey Henderson's Hall of Fame Teammates
pecheneg
Champions League XIs: Arsenal
pecheneg
Quick Pick: Celebrities in WWE's Hall of Fame
aduchscher
A-Z Keypad Blitz II
pecheneg
Multiple Oscar Actors
pecheneg
Mystery Phrase Blitz: Oscar 'Best Actors'
pecheneg
F. Scott Fitzgerald Novels
LTH
Pick 3 Villains
ddd62291
Trending Topics
NBA
Kpop
Crossword
Anime
Disney
Harry Potter
Marvel
The Office
Soccer
Country
WWE
Song
Pokémon
Puzzle
NFL
Your Account Isn't Verified!
In order to create a playlist on Sporcle, you need to verify the email address you used during registration. Go to your
Sporcle Settings
to finish the process.
Report this User
Report this user for behavior that violates our
Community Guidelines
.
Details:
Send Report
Go to the Sporcle.com Mobile Site →
Comments